[Event "TH-S-1265"]
[Site "IECC email"]
[Date "2020.10.14"]
[Round "?"]
[White "King, Joseph Lawrence"]
[Black "Goodman, Ivor"]
[Result "0-1"]
[WhiteElo "1153"]
[BlackElo "1261"]
[PlyCount "44"]
[EventDate "2020.??.??"]
[EventType "tourn (corr)"]
[SourceTitle "Corr 2024"]
[Source "ChessBase"]
[SourceDate "2023.10.19"]
[SourceVersion "1"]
[SourceVersionDate "2023.10.19"]
[SourceQuality "1"]
[WhiteTeam "Vereinigte Staaten"]
[BlackTeam "England"]
[WhiteTeamCountry "USA"]
[BlackTeamCountry "ENG"]

1. d4 Nf6 2. c4 g6 3. Nc3 d5 4. cxd5 Nxd5 5. e4 Nxc3 6. bxc3 Bg7 7. Bg5 c5 8. Rc1 cxd4 9. cxd4 0-0 10. Nf3 Bg4 11. d5 Nd7 12. Be2 Nf6 13. h3 Bd7 14. Bd3 h6 15. Bf4 Rc8 16. 0-0 Nh5 17. Bh2 Rxc1 18. Qxc1 Nf6 19. Re1 Re8 20. Bf4 Kh7 21. Bxh6 Bxh6 22. Qxh6+ Kxh6 0-1

[Event "IECC Swiss-556.4"]
[Site "IECC email"]
[Date "2012.04.30"]
[Round "?"]
[White "King, Joseph Lawrence"]
[Black "Bertel, Michael"]
[Result "0-1"]
[WhiteElo "1255"]
[BlackElo "1720"]
[PlyCount "38"]
[EventDate "2012.??.??"]
[EventType "swiss (corr)"]
[EventRounds "1"]
[SourceTitle "Corr 2020"]
[Source "ChessBase"]
[SourceDate "2019.09.30"]
[SourceVersion "1"]
[SourceVersionDate "2019.09.30"]
[SourceQuality "1"]
[WhiteTeam "United States"]
[BlackTeam "United States"]
[WhiteTeamCountry "USA"]
[BlackTeamCountry "USA"]

1. d4 Nf6 2. Nf3 d5 3. e3 e6 4. Bd3 Bd6 5. Nbd2 Nc6 6. c3 e5 7. dxe5 Nxe5 8. Nxe5 Bxe5 9. 0-0 0-0 10. Nf3 Bg4 11. h3 Bxf3 12. Qxf3 c6 13. Re1 Qc7 14. e4 dxe4 15. Bxe4 Rae8 16. g3 Nxe4 17. Rxe4 c5 18. Bd2 Re6 19. Kg2 Rd8 0-1

[Event "IECC CL6-2009.14 email"]
[Site "IECC email"]
[Date "2009.07.23"]
[Round "?"]
[White "Hull, Kevin James"]
[Black "King, Joseph Lawrence"]
[Result "1-0"]
[WhiteElo "1410"]
[BlackElo "1218"]
[PlyCount "41"]
[EventDate "2009.??.??"]
[EventType "tourn (corr)"]
[EventRounds "4"]
[SourceTitle "Telechess CBM 149"]
[Source "ChessBase"]
[SourceDate "2012.07.17"]
[SourceVersion "1"]
[SourceVersionDate "2012.07.17"]
[SourceQuality "1"]
[WhiteTeam "New Zealand"]
[BlackTeam "US of America"]
[WhiteTeamCountry "NZL"]
[BlackTeamCountry "USA"]

1. e4 c6 2. d4 d5 3. Nc3 dxe4 4. Nxe4 Bf5 5. Ng3 Bg6 6. h4 h6 7. Nf3 Nd7 8. h5 Bh7 9. c4 e6 10. Bd2 Bd6 11. Bc3 Qc7 12. Ne2 Ngf6 13. c5 Be7 14. Ng3 Rd8 15. Bd3 Bxd3 16. Qxd3 Nxc5 17. Qc2 Ncd7 18. 0-0-0 Nb6 19. Ba5 Bd6 20. Ne4 Bf4+ 21. Kb1 1-0

[Event "IECC M1-2008.T34"]
[Site "IECC email"]
[Date "2008.04.06"]
[Round "?"]
[White "Stevenson, Walter"]
[Black "King, Joseph Lawrence"]
[Result "0-1"]
[WhiteElo "1121"]
[BlackElo "1217"]
[PlyCount "56"]
[EventDate "2008.??.??"]
[EventType "match (corr)"]
[EventRounds "2"]
[SourceTitle "Corr 2011"]
[Source "ChessBase"]
[SourceDate "2010.08.31"]
[SourceVersion "1"]
[SourceVersionDate "2010.08.31"]
[SourceQuality "1"]
[WhiteTeam "Canada"]
[BlackTeam "US of America"]
[WhiteTeamCountry "CAN"]
[BlackTeamCountry "USA"]

1. d4 d5 2. c4 c6 3. Nc3 Nf6 4. Bg5 e6 5. Nf3 h6 6. Bxf6 Qxf6 7. e3 Nd7 8. Bd3 dxc4 9. Bxc4 Qd8 10. Qc2 Nf6 11. 0-0 Be7 12. e4 Bd7 13. a3 0-0 14. Rad1 Rc8 15. Qd3 Qc7 16. Bb3 c5 17. dxc5 Rfd8 18. Bc2 Bc6 19. Qe3 Ng4 20. Qe2 Bxc5 21. h3 Rxd1 22. Bxd1 Ne5 23. Nxe5 Qxe5 24. Qg4 Rd8 25. Kh1 Rd7 26. f4 Qd4 27. Qe2 Qd3 28. Qf2 Bxf2 0-1